[Event "16th EUR-ch"]
[Site "Jerusalem ISR"]
[Date "2015.02.27"]
[Round "4"]
[White "Ducarmon, Quinten"]
[Black "Postny, Evgeny"]
[Result "1-0"]
[WhiteElo "2482"]
[BlackElo "2647"]
[EventDate "2015.02.24"]
[PlyCount "135"]

1.e4 e5 2.Nf3 Nc6 3.Bb5 a6 4.Ba4 Nf6 5.O-O Be7 6.Bxc6 dxc6 7.d3 Nd7 8.Nbd2
f6 9.Nc4 Nf8 10.d4 exd4 11.Nxd4 Ne6 12.Nxe6 Bxe6 13.Na5 Qc8 14.Qh5+ Bf7 
15.Qf3 O-O 16.Bf4 Re8 17.a3 Bf8 18.Rfe1 c5 19.e5 b6 20.Nc6 Qf5 21.Rad1 Bh5
22.Qd5+ Bf7 23.Qf3 g5 24.Bc1 Qxf3 25.gxf3 Bh5 26.Kg2 Re6 27.Nd8 Re8 28.Nc6
Re6 29.Nd8 Rxe5 30.Rxe5 fxe5 31.Bxg5 Bd6 32.Re1 Kg7 33.Bh4 Kg6 34.f4 exf4 
35.f3 Kf5 36.Rd1 Be5 37.Rd7 Be8 38.Re7 Bf6 39.Bxf6 Rxd8 40.Bc3 h5 41.h4 
Bb5 42.Rh7 Kg6 43.Rg7+ Kh6 44.Rxc7 Rg8+ 45.Kf2 Re8 46.Rf7 Re2+ 47.Kg1 Be8 
48.Rxf4 Re6 49.Rf8 Kh7 50.Kf2 b5 51.f4 b4 52.axb4 cxb4 53.Bxb4 Kg7 54.Rf5 
Bg6 55.Bc3+ Kh7 56.Rf8 Re8 57.Rxe8 Bxe8 58.Bd2 Kg6 59.Ke3 Kf5 60.c4 Kg4 
61.Ke4 Kxh4 62.f5 Kg4 63.c5 h4 64.Bf4 a5 65.Ke5 Kh5 66.Ke6 h3 67.Bh2 Kg5 
68.f6 1-0

[Event "16th EUR-ch"]
[Site "Jerusalem ISR"]
[Date "2015.02.27"]
[Round "4"]
[White "Gajewski, Grzegorz"]
[Black "Popilski, Gil"]
[Result "1-0"]
[WhiteElo "2646"]
[BlackElo "2517"]
[EventDate "2015.02.24"]
[PlyCount "79"]

1.c4 g6 2.Nc3 c5 3.g3 Bg7 4.Bg2 Nc6 5.Nf3 d6 6.O-O Bf5 7.a3 Qd7 8.Nd5 Rc8 
9.Re1 Nf6 10.Nxf6+ Bxf6 11.d3 O-O 12.Rb1 a6 13.b4 cxb4 14.axb4 b5 15.cxb5 
axb5 16.Bb2 Bxb2 17.Rxb2 Rc7 18.d4 d5 19.Bf1 Rfc8 20.Qd2 e6 21.h3 f6 22.
Ra1 Nd8 23.Rba2 Nf7 24.Ra6 Nd6 25.g4 Nc4 26.Qh6 Bc2 27.Ne1 Nd6 28.Qf4 Ne4 
29.f3 g5 30.Qh2 Nd2 31.h4 Nb3 32.R1a3 Nxd4 33.hxg5 fxg5 34.e3 Nb3 35.Qe5 
Nd2 36.Rxe6 Bg6 37.Raa6 Rc1 38.Rxg6+ hxg6 39.Rxg6+ Kh7 40.Qxg5 1-0

[Event "16th EUR-ch"]
[Site "Jerusalem ISR"]
[Date "2015.02.27"]
[Round "4"]
[White "Ivanisevic, Ivan"]
[Black "Baron, Tal"]
[Result "1-0"]
[WhiteElo "2638"]
[BlackElo "2510"]
[EventDate "2015.02.24"]
[PlyCount "55"]

1.d4 Nf6 2.c4 e6 3.Nc3 Bb4 4.Qc2 b6 5.e4 c5 6.d5 Qe7 7.Ne2 exd5 8.exd5 b5 
9.Bd2 bxc4 10.O-O-O O-O 11.Ng3 d6 12.Bxc4 Nbd7 13.Bg5 h6 14.Bh4 Ne5 15.
Nce4 g5 16.Nxg5 hxg5 17.Bxg5 Neg4 18.Rd3 Qc7 19.h3 Nh7 20.hxg4 Nxg5 21.Re3
Bxg4 22.Nf5 Bxf5 23.Qxf5 f6 24.f4 Qg7 25.fxg5 fxg5 26.Qe6+ Rf7 27.Reh3 Rf8
28.Rh6 1-0

[Event "16th EUR-ch"]
[Site "Jerusalem ISR"]
[Date "2015.02.27"]
[Round "4"]
[White "Givon, Asaf"]
[Black "Bartel, Mateusz"]
[Result "0-1"]
[WhiteElo "2473"]
[BlackElo "2631"]
[EventDate "2015.02.24"]
[PlyCount "88"]

1.e4 e5 2.Nf3 Nc6 3.Bb5 a6 4.Ba4 Nf6 5.O-O Be7 6.Re1 b5 7.Bb3 d6 8.c3 O-O 
9.d4 Bg4 10.d5 Na5 11.Bc2 Qc8 12.Nbd2 c6 13.h3 Bd7 14.b4 Nb7 15.dxc6 Qxc6 
16.Bb2 Nd8 17.Bd3 Ne6 18.Rc1 a5 19.a3 Qb7 20.Nb3 a4 21.Nbd2 Bc6 22.g3 g6 
23.Kh2 Ne8 24.c4 f5 25.exf5 gxf5 26.cxb5 Bxb5 27.Bxb5 Qxb5 28.Nc4 Rd8 29.
Na5 Bf6 30.Nc6 Ra8 31.Qc2 Qb6 32.Kg1 Rf7 33.Qxf5 N8c7 34.Qe4 Bg7 35.Na5 
Raf8 36.Nc4 Qa7 37.Ncd2 Bh6 38.Kh1 Qxf2 39.Rf1 Qa7 40.Rcd1 Bxd2 41.Nxd2 
Ng5 42.Qc6 Nxh3 43.Rxf7 Rxf7 44.Ne4 Qe3 0-1

[Event "16th EUR-ch"]
[Site "Jerusalem ISR"]
[Date "2015.02.27"]
[Round "4"]
[White "Hracek, Zbynek"]
[Black "Raznikov, Danny"]
[Result "1/2-1/2"]
[WhiteElo "2631"]
[BlackElo "2494"]
[EventDate "2015.02.24"]
[PlyCount "118"]

1.d4 Nf6 2.c4 e6 3.Nf3 d5 4.Nc3 Be7 5.g3 O-O 6.Bg2 dxc4 7.Ne5 c5 8.dxc5 
Qxd1+ 9.Nxd1 Bxc5 10.Nc3 Nc6 11.Nxc4 Rd8 12.Bxc6 bxc6 13.Be3 Bb4 14.Rc1 
Nd5 15.Bd2 Ba6 16.Nxd5 cxd5 17.Bxb4 Bxc4 18.b3 Bb5 19.Ba5 Rdc8 20.Kd2 f6 
21.Bc7 Bc4 22.bxc4 Rxc7 23.cxd5 Rd7 24.Rc5 Rad8 25.Rhc1 Rxd5+ 26.Ke3 R5d7 
27.Rc7 Kf7 28.R1c6 Ke7 29.Rxd7+ Rxd7 30.Ra6 f5 31.h4 Kf6 32.Kf4 h6 33.h5 
Rc7 34.f3 Rc4+ 35.e4 fxe4 36.fxe4 Rc7 37.a4 Rd7 38.e5+ Ke7 39.Ke4 Kf7 40.
Rc6 Ke7 41.a5 Rd5 42.Rc7+ Rd7 43.Rc8 Rd8 44.Rc7+ Rd7 45.Rc5 Rd1 46.Rb5 Rd2
47.g4 Rd1 48.a6 Rd2 49.Rb7+ Rd7 50.g5 Ke8 51.gxh6 gxh6 52.Rb1 Rd2 53.Rg1 
Re2+ 54.Kd4 Ra2 55.Rg6 Rxa6 56.Rxh6 Kd7 57.Rg6 Ra4+ 58.Kc5 Ra5+ 59.Kd4 
Ra4+ 1/2-1/2

[Event "16th EUR-ch"]
[Site "Jerusalem ISR"]
[Date "2015.02.27"]
[Round "4"]
[White "Khairullin, Ildar"]
[Black "Kjartansson, Gudmundur"]
[Result "1-0"]
[WhiteElo "2629"]
[BlackElo "2484"]
[EventDate "2015.02.24"]
[PlyCount "37"]

1.d4 d5 2.c4 e6 3.Nf3 Nf6 4.Nc3 c6 5.e3 Nbd7 6.Qc2 Bd6 7.Bd3 dxc4 8.Bxc4 
b5 9.Be2 O-O 10.O-O a6 11.Ng5 h6 12.Nge4 Be7 13.Rd1 Qc7 14.Bd2 c5 15.dxc5 
Nxe4 16.Nxe4 f5 17.Ng3 Qxc5 18.Qb3 Qb6 19.Ba5 1-0

[Event "16th EUR-ch"]
[Site "Jerusalem ISR"]
[Date "2015.02.27"]
[Round "4"]
[White "Romanov, Evgeny"]
[Black "Batsiashvili, Nino"]
[Result "1-0"]
[WhiteElo "2625"]
[BlackElo "2475"]
[EventDate "2015.02.24"]
[PlyCount "75"]

1.d4 d5 2.c4 e6 3.Nf3 Nf6 4.g3 dxc4 5.Bg2 Nc6 6.Qa4 Bb4+ 7.Bd2 Nd5 8.Bxb4 
Nxb4 9.Na3 Rb8 10.O-O O-O 11.Qb5 b6 12.Qxc4 Ba6 13.Nb5 Qd5 14.Qxd5 Nxd5 
15.a4 Na5 16.Ne5 Rbd8 17.Nxa7 Bxe2 18.Rfe1 Ra8 19.Nac6 Nxc6 20.Nxc6 Bc4 
21.Rec1 b5 22.a5 Rfe8 23.a6 f6 24.a7 Kf8 25.Ra3 Rec8 26.b3 Bd3 27.Rc5 Re8 
28.Ra1 Rec8 29.Rd1 Bg6 30.Re1 Bf7 31.Rxb5 Nb6 32.Ra5 Nd5 33.h4 h6 34.f4 g6
35.h5 Kg7 36.hxg6 Kxg6 37.Bxd5 exd5 38.Ne7+ 1-0

[Event "16th EUR-ch"]
[Site "Jerusalem ISR"]
[Date "2015.02.27"]
[Round "4"]
[White "Georgiev, Kiril"]
[Black "Yilmazyerli, Mert"]
[Result "0-1"]
[WhiteElo "2623"]
[BlackElo "2465"]
[EventDate "2015.02.24"]
[PlyCount "156"]

1.d4 g6 2.e4 Bg7 3.Nf3 d6 4.c3 Nf6 5.Bd3 O-O 6.O-O Nc6 7.Re1 e5 8.Na3 exd4
9.cxd4 Nb4 10.Bb1 c5 11.Bg5 h6 12.Bh4 g5 13.Bg3 Nh5 14.Nc4 Nxg3 15.hxg3 
cxd4 16.a3 Nc6 17.Bd3 Be6 18.Rc1 Rc8 19.Qe2 Re8 20.Qf1 Qd7 21.Rc2 Rc7 22.
Ncd2 Rec8 23.Rec1 Ne7 24.Ne1 d5 25.Qe2 Rxc2 26.Rxc2 Rxc2 27.Bxc2 dxe4 28.
Bxe4 b6 29.Nd3 Nc8 30.Ne1 Nd6 31.Bd3 Bd5 32.Nef3 Qe6 33.Qd1 Qd7 34.Qe2 Qe6
35.Qd1 Nb7 36.Qb1 Nc5 37.Bb5 Bf6 38.b4 Ne4 39.Nxe4 Bxe4 40.Bd3 Bd5 41.Nd2 
Qc6 42.Be4 Kg7 43.Bxd5 Qxd5 44.Qd3 b5 45.Kf1 Qc6 46.Ne4 Qc4 47.Ke2 g4 48.
Nd2 Qd5 49.Kf1 h5 50.f3 Bg5 51.f4 Bf6 52.Ne4 Be7 53.Nd2 f5 54.Nb3 Bf6 55.
Nc5 Qc4 56.Ke2 Kf7 57.Kd2 Qxd3+ 58.Kxd3 Ke7 59.Nb3 Ke6 60.Nc5+ Kd6 61.Na6 
Bd8 62.Nc5 Bb6 63.Nb3 Kd5 64.Nc1 a5 65.Na2 a4 66.Nc1 Bd8 67.Ne2 Bf6 68.Ng1
h4 69.gxh4 Bxh4 70.Ne2 Bf2 71.Nc1 Be1 72.Ne2 Bf2 73.Nc1 Be1 74.Ne2 Bc3 75.
Ng3 Bxb4 76.axb4 a3 77.Kc2 d3+ 78.Kb3 d2 0-1

[Event "16th EUR-ch"]
[Site "Jerusalem ISR"]
[Date "2015.02.27"]
[Round "4"]
[White "Solak, Dragan"]
[Black "Sanal, Vahap"]
[Result "1-0"]
[WhiteElo "2607"]
[BlackElo "2460"]
[EventDate "2015.02.24"]
[PlyCount "68"]

1.e4 e5 2.Nf3 Nc6 3.Bb5 a6 4.Bxc6 bxc6 5.d4 exd4 6.Qxd4 Qf6 7.Qa4 Bc5 8.
O-O Ne7 9.Nc3 h6 10.Re1 Rb8 11.Qc4 Ba7 12.b3 O-O 13.Be3 Bxe3 14.Rxe3 d5 
15.Qc5 dxe4 16.Rxe4 Nd5 17.Nxd5 cxd5 18.Ree1 Rb5 19.Qxc7 d4 20.Qe7 Qb6 21.
Rad1 Rd8 22.Ne5 Be6 23.Nc6 Rdd5 24.Qe8+ Kh7 25.c4 Bd7 26.Qxf7 Qxc6 27.cxd5
Rxd5 28.Qf3 Qd6 29.Qg3 Qf6 30.h4 a5 31.Rd2 h5 32.Qf3 Qd6 33.Qg3 Qb6 34.Re5
Bf5 1-0

[Event "16th EUR-ch"]
[Site "Jerusalem ISR"]
[Date "2015.02.27"]
[Round "4"]
[White "Yuffa, Daniil"]
[Black "Zubov, Alexander"]
[Result "1/2-1/2"]
[WhiteElo "2469"]
[BlackElo "2607"]
[EventDate "2015.02.24"]
[PlyCount "59"]

1.d4 Nf6 2.c4 e6 3.g3 d5 4.Nf3 dxc4 5.Bg2 Nc6 6.O-O Bd7 7.Bg5 Be7 8.e3 O-O
9.Nbd2 Na5 10.Qe2 Bb5 11.Bxf6 gxf6 12.b4 Bxb4 13.Rab1 c5 14.dxc5 Nc6 15.a3
Bxd2 16.Rxb5 c3 17.Rxb7 Rc8 18.Nxd2 Qxd2 19.Qg4+ Kh8 20.Qf4 Kg7 21.Qg4+ 
Kh8 22.Qh4 Kg7 23.Be4 f5 24.Qg5+ Kh8 25.Qf6+ Kg8 26.Bxc6 Rxc6 27.Qg5+ Kh8 
28.Qf6+ Kg8 29.Qg5+ Kh8 30.Qf6+ 1/2-1/2

[Event "16th EUR-ch"]
[Site "Jerusalem ISR"]
[Date "2015.02.27"]
[Round "4"]
[White "Battaglini, Gabriel"]
[Black "Potkin, Vladimir"]
[Result "1/2-1/2"]
[WhiteElo "2460"]
[BlackElo "2605"]
[EventDate "2015.02.24"]
[PlyCount "80"]

1.d4 Nf6 2.c4 e6 3.Nc3 Bb4 4.a3 Bxc3+ 5.bxc3 c5 6.e3 O-O 7.Bd3 Nc6 8.Ne2 
b6 9.e4 Ne8 10.O-O Ba6 11.f4 f5 12.exf5 exf5 13.dxc5 bxc5 14.Ng3 g6 15.Be3
Qa5 16.Be2 Rf7 17.Qd5 Qxc3 18.Bxc5 Nf6 19.Qd6 Re8 20.Rfc1 Qa5 21.Bb4 Qd8 
22.Bf3 Ne4 23.Nxe4 fxe4 24.Bg4 Qb8 25.Qxb8 Rxb8 26.Bd6 Rb2 27.Re1 Rd2 28.
Rad1 Rxd1 29.Bxd1 Rf6 30.c5 Bd3 31.Bb3+ Kg7 32.Bd5 Rf5 33.Bxe4 Bxe4 34.
Rxe4 Rd5 35.Kf2 Rd3 36.Re3 Rd2+ 37.Re2 Rd3 38.Re3 Rd2+ 39.Re2 Rd3 40.Re3 
Rd2+ 1/2-1/2

[Event "16th EUR-ch"]
[Site "Jerusalem ISR"]
[Date "2015.02.27"]
[Round "4"]
[White "Goryachkina, Aleksandra"]
[Black "Marin, Mihail"]
[Result "1-0"]
[WhiteElo "2451"]
[BlackElo "2603"]
[EventDate "2015.02.24"]
[PlyCount "185"]

1.d4 d5 2.c4 e6 3.Nf3 Nf6 4.Nc3 Nbd7 5.Bf4 dxc4 6.e3 Nb6 7.Bxc4 Nxc4 8.
Qa4+ c6 9.Qxc4 Nd5 10.O-O Nxf4 11.exf4 Be7 12.Rad1 O-O 13.Rfe1 Qd6 14.Ne5 
Bd7 15.Ne4 Qc7 16.Qd3 h6 17.Qg3 Be8 18.Re3 Rd8 19.Red3 f6 20.Nc4 Bf7 21.b3
b6 22.f5 Qxg3 23.Nxg3 Rfe8 24.h4 h5 25.fxe6 Bxe6 26.Ne3 Bf7 27.d5 Bg6 28.
Ngf5 cxd5 29.Nxd5 Kf7 30.Ndxe7 Rxd3 31.Rxd3 Rxe7 32.Nxe7 Bxd3 33.Nc6 Ke6 
34.Nxa7 Kd7 35.f3 Kc7 36.a4 Kb7 37.Nb5 Bxb5 38.axb5 Kc7 39.Kf2 Kd6 40.Ke3 
Kc5 41.Kf4 Kxb5 42.Kf5 Kb4 43.g4 hxg4 44.fxg4 Kxb3 45.Kg6 b5 46.Kxg7 b4 
47.h5 Kc4 48.h6 b3 49.h7 b2 50.h8=Q b1=Q 51.Qc8+ Kd4 52.Kxf6 Qb6+ 53.Qe6 
Qd8+ 54.Kg6 Kc5 55.g5 Kb4 56.Kf5 Qf8+ 57.Kg4 Qd8 58.g6 Qd1+ 59.Kg5 Qd2+ 
60.Kf6 Qf4+ 61.Ke7 Qc7+ 62.Ke8 Qb8+ 63.Kf7 Qf4+ 64.Qf6 Qc4+ 65.Kg7 Ka4 66.
Qe5 Qc8 67.Qe4+ Ka5 68.Kf7 Qd7+ 69.Kf6 Qd6+ 70.Qe6 Qd8+ 71.Ke5 Qb8+ 72.Qd6
Qh8+ 73.Qf6 Qb8+ 74.Ke6 Qc8+ 75.Kd5 Qd7+ 76.Qd6 Qf5+ 77.Kc6 Qb5+ 78.Kc7 
Qc4+ 79.Kd7 Qg4+ 80.Kd8 Qg5+ 81.Kc7 Qc1+ 82.Kd7 Qg5 83.Qa3+ Kb5 84.Qb3+ 
Ka5 85.Qc3+ Ka4 86.Qd4+ Ka5 87.g7 Qf5+ 88.Kd8 Qg5+ 89.Kc8 Qf5+ 90.Qd7 Qc5+
91.Qc7+ Ka6 92.g8=Q Qf5+ 93.Qd7 1-0

[Event "16th EUR-ch"]
[Site "Jerusalem ISR"]
[Date "2015.02.27"]
[Round "4"]
[White "Makhmutov, Rail"]
[Black "Shimanov, Aleksandr"]
[Result "0-1"]
[WhiteElo "2448"]
[BlackElo "2594"]
[EventDate "2015.02.24"]
[PlyCount "118"]

1.d4 Nf6 2.c4 e6 3.Nc3 Bb4 4.e3 O-O 5.Ne2 d5 6.a3 Be7 7.cxd5 exd5 8.Nf4 a5
9.Bd3 Na6 10.O-O c6 11.Qc2 Nc7 12.Rb1 Bd6 13.Na4 Na6 14.f3 Qc7 15.Kh1 Bd7 
16.Nc3 Rfe8 17.Qf2 b5 18.Qh4 b4 19.Nce2 Be7 20.Qf2 c5 21.Ng3 c4 22.Bc2 Bd6
23.Ngh5 Nxh5 24.Nxh5 b3 25.Bd1 Bf5 26.Ra1 Bd3 27.Be2 Bxe2 28.Qxe2 f5 29.
Bd2 Qf7 30.f4 Nb8 31.g4 g6 32.Ng3 Nc6 33.gxf5 gxf5 34.Qg2 Kh8 35.Ne2 Rg8 
36.Qf3 Ne7 37.Rg1 Bc7 38.Nc3 Rad8 39.Rxg8+ Rxg8 40.Rg1 Rd8 41.Be1 Rd7 42.
Rg5 Bd8 43.Qh3 Rd6 44.Kg1 h6 45.Kf1 Kh7 46.Kg1 Re6 47.Rg2 Ra6 48.Qf3 Rd6 
49.Bh4 Ng8 50.Bxd8 Rxd8 51.Qh3 Ne7 52.Kf2 Nc8 53.Qf3 Nd6 54.Ke1 Ne4 55.
Nxe4 dxe4 56.Qh3 c3 57.bxc3 Rc8 58.Kd2 b2 59.Kc2 Rb8 0-1

[Event "16th EUR-ch"]
[Site "Jerusalem ISR"]
[Date "2015.02.27"]
[Round "4"]
[White "Hovhannisyan, Robert"]
[Black "Iljiushenok, Ilia"]
[Result "0-1"]
[WhiteElo "2592"]
[BlackElo "2450"]
[EventDate "2015.02.24"]
[PlyCount "110"]

1.e4 e6 2.d4 d5 3.Nc3 Nf6 4.Bg5 dxe4 5.Nxe4 Be7 6.Bxf6 gxf6 7.Nf3 a6 8.c4 
f5 9.Nc3 Bf6 10.Qd2 c5 11.d5 O-O 12.g3 b5 13.Bg2 e5 14.O-O e4 15.Ne1 Nc6 
16.Nc2 Nd4 17.Rae1 bxc4 18.Ne3 Rb8 19.Nxc4 a5 20.b3 Ba6 21.Kh1 Rb4 22.g4 
Bxc4 23.bxc4 Bg5 24.Qd1 Rxc4 25.Ne2 Nc2 26.gxf5 Nxe1 27.Rxe1 Qd6 28.Rg1 
Kh8 29.a3 e3 30.f4 Bxf4 31.Qd3 Ra4 32.Qc2 Rd4 33.Nxd4 cxd4 34.Be4 Rg8 35.
Rxg8+ Kxg8 36.Qd1 Qe5 37.Qf3 Bxh2 38.d6 Qxd6 39.Bd3 Qg3 40.Qa8+ Qb8 41.Qe4
Qf4 42.Qe8+ Kg7 43.Bc4 Qxf5 44.Kxh2 Qc2+ 45.Kh1 Qxc4 46.Qe5+ f6 47.Qg3+ 
Kf7 48.Qh3 Qd5+ 49.Kg1 h5 50.a4 Qg5+ 51.Kh1 Qg4 52.Qg3 e2 53.Qc7+ Kg6 54.
Qc2+ Qf5 55.Qd2 Qh3+ 0-1

[Event "16th EUR-ch"]
[Site "Jerusalem ISR"]
[Date "2015.02.27"]
[Round "4"]
[White "Svetushkin, Dmitry"]
[Black "Kantsler, Boris"]
[Result "1-0"]
[WhiteElo "2592"]
[BlackElo "2435"]
[EventDate "2015.02.24"]
[PlyCount "83"]

1.d4 d6 2.e4 Nf6 3.Bd3 e5 4.c3 Nc6 5.Nf3 g6 6.O-O Bg7 7.h3 O-O 8.Re1 Re8 
9.d5 Ne7 10.c4 Nd7 11.Nc3 f5 12.exf5 gxf5 13.Ng5 Nf6 14.c5 h6 15.Ne6 Bxe6 
16.dxe6 d5 17.Rxe5 Ne4 18.Bf4 Bxe5 19.Bxe5 Ng6 20.Bd4 Rxe6 21.Qb3 c6 22.
Qxb7 Qf8 23.Ne2 a5 24.Ng3 Nxg3 25.fxg3 Ne7 26.Rf1 Qb8 27.Qb6 Qxg3 28.Rf3 
Qg5 29.Qc7 Rc8 30.Qd7 Rg6 31.Bf1 Rf8 32.Be5 Nc8 33.Rg3 Qxg3 34.Bxg3 Rxg3 
35.Qxc6 Ne7 36.Qd7 Kf7 37.Be2 Re3 38.Bf3 Re5 39.c6 Rc8 40.c7 Kf6 41.b3 Kf7
42.a3 1-0

[Event "16th EUR-ch"]
[Site "Jerusalem ISR"]
[Date "2015.02.27"]
[Round "4"]
[White "Iordachescu, Viorel"]
[Black "Draskovic, Luka"]
[Result "1/2-1/2"]
[WhiteElo "2590"]
[BlackElo "2432"]
[EventDate "2015.02.24"]
[PlyCount "93"]

1.e4 d6 2.d4 Nf6 3.Bd3 e5 4.c3 Nbd7 5.Nf3 d5 6.dxe5 dxe4 7.exf6 exf3 8.
fxg7 Bxg7 9.Qxf3 Ne5 10.Bb5+ c6 11.Qg3 Bg4 12.O-O cxb5 13.Bf4 Qd3 14.Bxe5 
Qxg3 15.Bxg3 O-O-O 16.a4 Be2 17.Re1 Rhe8 18.axb5 Bxb5 19.Na3 Bd3 20.f3 Bf8
21.Bf2 b6 22.Bd4 Bh6 23.b3 Kb7 24.Kf2 Bd2 25.Re5 Bf4 26.Rxe8 Rxe8 27.Ra2 
b5 28.g3 Bc1 29.Nxb5 Bxb5 30.Rxa7+ Kc8 31.c4 Bd7 32.b4 Be6 33.c5 Rd8 34.
Ra8+ Kd7 35.Ra1 Kc6 36.Ra6+ Kb5 37.Rb6+ Kc4 38.Be3 Bxe3+ 39.Kxe3 Rd3+ 40.
Kf4 Rb3 41.c6 Rxb4 42.Rxb4+ Kxb4 43.Kg5 Kc5 44.c7 Kd6 45.Kh6 Kxc7 46.Kxh7 
Bh3 47.Kg7 1/2-1/2

[Event "16th EUR-ch"]
[Site "Jerusalem ISR"]
[Date "2015.02.27"]
[Round "4"]
[White "Gruenfeld, Yehuda"]
[Black "Brkic, Ante"]
[Result "0-1"]
[WhiteElo "2444"]
[BlackElo "2586"]
[EventDate "2015.02.24"]
[PlyCount "42"]

1.e4 e5 2.Nf3 Nc6 3.Bb5 a6 4.Ba4 Nf6 5.O-O Bc5 6.Bxc6 dxc6 7.d3 Qe7 8.Nbd2
Bg4 9.Nc4 Nd7 10.Be3 Bd6 11.Rb1 O-O 12.a3 f5 13.exf5 Rxf5 14.Ncd2 Raf8 15.
c3 e4 16.Qb3+ Kh8 17.dxe4 Rxf3 18.gxf3 Qh4 19.Rfe1 Qxh2+ 20.Kf1 Rxf3 21.
Qxb7 Qh3+ 0-1

[Event "16th EUR-ch"]
[Site "Jerusalem ISR"]
[Date "2015.02.27"]
[Round "4"]
[White "Kantarji, Pinchas"]
[Black "Nabaty, Tamir"]
[Result "1-0"]
[WhiteElo "2420"]
[BlackElo "2585"]
[EventDate "2015.02.24"]
[PlyCount "119"]

1.e4 c5 2.Nf3 e6 3.d4 cxd4 4.Nxd4 Nc6 5.Nb5 d6 6.c4 Nf6 7.N5c3 Be7 8.Be2 
O-O 9.O-O b6 10.Be3 Bb7 11.f4 Rc8 12.Bf3 e5 13.f5 Nd7 14.Nd5 Bg5 15.Bf2 
Nd4 16.Na3 Bxd5 17.cxd5 b5 18.Bxd4 exd4 19.Qxd4 Qa5 20.Qf2 Ne5 21.Qe2 b4 
22.Nc2 Rc4 23.Kh1 Qc5 24.Ne1 Rc8 25.Rd1 Bf6 26.h3 Kf8 27.Kh2 a5 28.Kg3 a4 
29.b3 Rc3 30.bxa4 Ra8 31.Nd3 Qc4 32.Nc1 Rxa4 33.Qxc4 Nxc4 34.Rfe1 Bg5 35.
Ne2 Rca3 36.Rd4 Nd2 37.Nf4 Rxa2 38.Re2 Nf1+ 39.Kg4 Rxe2 40.Bxe2 Bf6 41.Rd3
Nh2+ 42.Kg3 Be5 43.Kxh2 Bxf4+ 44.Kg1 Be5 45.Rb3 Bc3 46.Kf2 Ke7 47.Rb1 Ra2 
48.Ke3 Kf6 49.Bf3 Ke5 50.Kd3 Kf4 51.Kc4 Ra5 52.Rd1 Rc5+ 53.Kb3 Rc7 54.Rc1 
Ra7 55.Rd1 Ke5 56.Kc4 g6 57.fxg6 fxg6 58.Rf1 h5 59.Bxh5 gxh5 60.Kd3 1-0

[Event "16th EUR-ch"]
[Site "Jerusalem ISR"]
[Date "2015.02.27"]
[Round "4"]
[White "Parligras, Mircea-Emilian"]
[Black "Sarana, Alexey"]
[Result "1-0"]
[WhiteElo "2583"]
[BlackElo "2419"]
[EventDate "2015.02.24"]
[PlyCount "61"]

1.d4 Nf6 2.Nf3 e6 3.c4 d5 4.Nc3 dxc4 5.e4 Bb4 6.Bxc4 Nxe4 7.O-O Nxc3 8.
bxc3 Be7 9.Ne5 O-O 10.Qg4 Nc6 11.Re1 Kh8 12.Bf4 f5 13.Qg3 Bh4 14.Qf3 Nxe5 
15.Rxe5 c6 16.Rae1 Bf6 17.R5e3 Re8 18.Qh5 g6 19.Qe2 Qe7 20.a4 Kg7 21.g4 
Bd7 22.h4 fxg4 23.Qxg4 e5 24.Qf3 Bxh4 25.Rxe5 Qa3 26.Rxe8 Rxe8 27.Rxe8 
Bxe8 28.Be5+ Kh6 29.Qf4+ g5 30.Qf6+ Bg6 31.Be2 1-0

[Event "16th EUR-ch"]
[Site "Jerusalem ISR"]
[Date "2015.02.27"]
[Round "4"]
[White "Mikaelyan, Arman"]
[Black "Kryvoruchko, Yuriy"]
[Result "1/2-1/2"]
[WhiteElo "2418"]
[BlackElo "2692"]
[EventDate "2015.02.24"]
[PlyCount "58"]

1.Nf3 Nf6 2.c4 b6 3.g3 Bb7 4.Bg2 e6 5.O-O Be7 6.d4 O-O 7.Nc3 Ne4 8.Qc2 
Nxc3 9.Qxc3 d6 10.b3 Nd7 11.Bb2 Be4 12.Nd2 Bxg2 13.Kxg2 c6 14.Rac1 Qc8 15.
Qf3 Qb7 16.h4 a5 17.a4 d5 18.cxd5 cxd5 19.Qd3 Rac8 20.Nf3 h6 21.Qb5 Bb4 
22.Rxc8 Rxc8 23.Rc1 f6 24.Rxc8+ Qxc8 25.Bc1 Kf7 26.Bd2 Bxd2 27.Nxd2 Ke7 
28.Qd3 Kf7 29.Qb5 Ke7 1/2-1/2

[Event "16th EUR-ch"]
[Site "Jerusalem ISR"]
[Date "2015.02.27"]
[Round "4"]
[White "Riazantsev, Alexander"]
[Black "Firat, Burak"]
[Result "1/2-1/2"]
[WhiteElo "2688"]
[BlackElo "2486"]
[EventDate "2015.02.24"]
[PlyCount "71"]

1.d4 d5 2.c4 c6 3.Nc3 Nf6 4.e3 e6 5.Nf3 Nbd7 6.a4 Bd6 7.a5 a6 8.Be2 O-O 9.
O-O dxc4 10.Bxc4 Bb4 11.Qa4 Qe7 12.Qb3 b5 13.axb6 Nxb6 14.Na2 c5 15.Nxb4 
cxb4 16.Bd3 Bb7 17.Bd2 a5 18.Rxa5 Bxf3 19.Bxb4 Qb7 20.gxf3 Rxa5 21.Bxa5 
Qxf3 22.Qd1 Qb7 23.Qe2 Nbd5 24.Rc1 Nb4 25.Bb5 Nbd5 26.Ba6 Qe7 27.Bd3 e5 
28.dxe5 Qxe5 29.Be1 Re8 30.Bc4 h5 31.Rd1 Qg5+ 32.Kh1 Re4 33.Rd4 Rxd4 34.
exd4 Qf4 35.Bxd5 Nxd5 36.Bc3 1/2-1/2

[Event "16th EUR-ch"]
[Site "Jerusalem ISR"]
[Date "2015.02.27"]
[Round "4"]
[White "Zhigalko, Sergei"]
[Black "Neverov, Valeriy"]
[Result "1-0"]
[WhiteElo "2675"]
[BlackElo "2485"]
[EventDate "2015.02.24"]
[PlyCount "123"]

1.e4 e5 2.Nf3 Nc6 3.Bb5 a6 4.Ba4 Nf6 5.O-O Be7 6.Re1 b5 7.Bb3 d6 8.c3 O-O 
9.h3 Nb8 10.d4 Nbd7 11.Nbd2 Bb7 12.Bc2 Re8 13.Nf1 Bf8 14.Bg5 h6 15.Bh4 c5 
16.d5 Be7 17.Ne3 Nf8 18.Nf5 Ng6 19.Bg3 Bc8 20.Nxe7+ Qxe7 21.a4 Bd7 22.Nh4 
Nxh4 23.Bxh4 Reb8 24.axb5 axb5 25.Qe2 g5 26.Bg3 Qd8 27.b4 c4 28.f3 Nh5 29.
Bf2 Nf4 30.Qf1 h5 31.Be3 Rxa1 32.Rxa1 Ra8 33.Kh2 Kg7 34.Bf2 Rxa1 35.Qxa1 
Qf6 36.Qa7 Nxh3 37.gxh3 Qxf3 38.Qe3 Qxe3 39.Bxe3 Kf6 40.h4 gxh4 41.Bh6 Bg4
42.Bf8 Kg5 43.Bxd6 f6 44.Be7 Kg6 45.Bc5 Kf7 46.Bf2 h3 47.Kg3 Ke7 48.Kh2 
Kf7 49.Bh4 Ke7 50.d6+ Kxd6 51.Bxf6 Ke6 52.Bh4 Kd6 53.Bg3 Ke6 54.Kg1 Kd6 
55.Kf2 Ke6 56.Ke3 h4 57.Bh2 Kd6 58.Kd2 Bf3 59.Bd1 Bxe4 60.Bg4 Bg2 61.Ke3 
Bf1 62.Bh5 1-0

[Event "16th EUR-ch"]
[Site "Jerusalem ISR"]
[Date "2015.02.27"]
[Round "4"]
[White "Nakar, Eylon"]
[Black "Melkumyan, Hrant"]
[Result "1/2-1/2"]
[WhiteElo "2435"]
[BlackElo "2673"]
[EventDate "2015.02.24"]
[PlyCount "141"]

1.e4 e5 2.Nf3 Nc6 3.Bb5 Nf6 4.d3 Bc5 5.Nbd2 O-O 6.O-O Re8 7.Bxc6 dxc6 8.
Nc4 Nd7 9.a4 Bd6 10.Bd2 Nf8 11.b4 Ng6 12.b5 c5 13.g3 Bh3 14.Re1 h6 15.Bc3 
Qd7 16.Nfd2 Rad8 17.Ne3 Be7 18.Qh5 Bg5 19.Ndc4 Be6 20.Rad1 b6 21.Ba1 a6 
22.Nf5 axb5 23.axb5 Bf6 24.Nce3 Bxf5 25.exf5 Ne7 26.h4 Qxb5 27.Ng4 Qd7 28.
Bxe5 Bxe5 29.Rxe5 Nd5 30.Rde1 Rxe5 31.Nxe5 Qe8 32.Re2 Nf6 33.Qf3 Qa4 34.
Qc6 Qxc6 35.Nxc6 Rd6 36.Ne5 Kf8 37.Kg2 b5 38.g4 Nd5 39.Kg3 Ne7 40.Re1 Nc6 
41.Nxc6 Rxc6 42.Re4 b4 43.Kf4 Rd6 44.Rc4 Rd5 45.Ke4 c6 46.d4 cxd4 47.Rxc6 
d3 48.cxd3 Rb5 49.Rc2 Ke7 50.Rb2 b3 51.Kd4 Rb4+ 52.Ke5 Kd7 53.Kd5 Kc7 54.
f3 Kb6 55.g5 Ka5 56.d4 Ka4 57.f6 gxf6 58.gxh6 Rb8 59.Kd6 Ka3 60.Rb1 Ka2 
61.Rg1 b2 62.Ke7 Rh8 63.d5 Rxh6 64.d6 Rxh4 65.d7 Rd4 66.d8=Q Rxd8 67.Kxd8 
b1=Q 68.Rxb1 Kxb1 69.Ke7 Kc2 70.Kxf7 Kd3 71.Kxf6 1/2-1/2

[Event "16th EUR-ch"]
[Site "Jerusalem ISR"]
[Date "2015.02.27"]
[Round "4"]
[White "Grachev, Boris"]
[Black "Chekhov, Sergei"]
[Result "1-0"]
[WhiteElo "2670"]
[BlackElo "2470"]
[EventDate "2015.02.24"]
[PlyCount "103"]

1.c4 Nf6 2.g3 e5 3.Bg2 c6 4.Nf3 e4 5.Nd4 d5 6.d3 Bc5 7.Nb3 Bb4+ 8.Bd2 
Bxd2+ 9.Qxd2 dxc4 10.dxc4 O-O 11.Qxd8 Rxd8 12.Nc3 e3 13.f3 Be6 14.Nc5 Na6 
15.Nxa6 bxa6 16.Nd1 Rd2 17.b3 Rad8 18.Nxe3 Rb2 19.Kf2 Rdd2 20.Rhe1 Kf8 21.
Rad1 Rxd1 22.Rxd1 Ke7 23.Ra1 Kd6 24.Nd1 Rc2 25.Ne3 Rb2 26.Nd1 Rc2 27.g4 
Nd7 28.Ne3 Rb2 29.Nd1 Rc2 30.Ke3 Nc5 31.Nf2 Rc3+ 32.Kd2 Rxb3 33.axb3 Nxb3+
34.Kc3 Nxa1 35.Ne4+ Ke5 36.e3 Bxc4 37.Nd2 Bb5 38.Kb2 g5 39.Kxa1 f5 40.gxf5
Kxf5 41.Bh3+ Ke5 42.Nb3 h5 43.Kb2 Bc4 44.Kc3 Bd5 45.Nd2 a5 46.Nc4+ Kf6 47.
e4 g4 48.exd5 cxd5 49.Bxg4 hxg4 50.fxg4 Kg5 51.h3 dxc4 52.Kxc4 1-0

[Event "16th EUR-ch"]
[Site "Jerusalem ISR"]
[Date "2015.02.27"]
[Round "4"]
[White "Saric, Ivan"]
[Black "Damaso, Rui"]
[Result "1/2-1/2"]
[WhiteElo "2661"]
[BlackElo "2451"]
[EventDate "2015.02.24"]
[PlyCount "131"]

1.e4 c5 2.Nf3 g6 3.d4 cxd4 4.Nxd4 Nc6 5.Nc3 Bg7 6.Be3 Nf6 7.Bc4 O-O 8.Bb3 
a5 9.O-O d6 10.Ndb5 b6 11.Bd5 Bb7 12.Qd2 e6 13.Bxc6 Bxc6 14.f3 d5 15.Nd4 
Rc8 16.Nxc6 Rxc6 17.Rad1 Qe7 18.exd5 Nxd5 19.Nxd5 exd5 20.c3 Re6 21.Rfe1 
b5 22.Bf2 b4 23.Qxd5 bxc3 24.bxc3 Bxc3 25.Rxe6 Qxe6 26.Qxe6 fxe6 27.Bb6 
Rb8 28.Rd8+ Rxd8 29.Bxd8 Kf7 30.Kf2 Ke8 31.Bb6 Kd7 32.Ke3 Kc6 33.Bd4 Bxd4+
34.Kxd4 Kb5 35.Ke5 Kb4 36.Kxe6 Ka3 37.f4 Kxa2 38.g4 Kb3 39.f5 gxf5 40.gxf5
a4 41.f6 a3 42.f7 a2 43.f8=Q a1=Q 44.Qf3+ Kc4 45.Qd5+ Kb4 46.Qb7+ Kc5 47.
Qe7+ Kc6 48.Qd6+ Kb7 49.Qd7+ Kb6 50.Qd8+ Kc6 51.h4 Qg7 52.Qd5+ Kc7 53.Qc5+
Kb8 54.Qg5 Qh8 55.Qb5+ Kc7 56.Qd7+ Kb6 57.h5 h6 58.Qf7 Kc6 59.Kf5 Qd8 60.
Qc4+ Kb7 61.Qb5+ Kc7 62.Qa5+ Kd7 63.Qd5+ Ke7 64.Qe6+ Kf8 65.Qxh6+ Kg8 66.
Qg5+ 1/2-1/2

[Event "16th EUR-ch"]
[Site "Jerusalem ISR"]
[Date "2015.02.27"]
[Round "4"]
[White "Murey, Jacob"]
[Black "Mamedov, Rauf"]
[Result "0-1"]
[WhiteElo "2428"]
[BlackElo "2650"]
[EventDate "2015.02.24"]
[PlyCount "54"]

1.c4 Nf6 2.Nc3 d6 3.d4 e5 4.dxe5 dxe5 5.Qxd8+ Kxd8 6.Bg5 Be6 7.O-O-O+ Nd7 
8.Nf3 Kc8 9.e3 c6 10.Nd2 Bb4 11.Nce4 Nxe4 12.Nxe4 h6 13.a3 Bf8 14.Bh4 f5 
15.Nc3 g5 16.Bg3 f4 17.exf4 exf4 18.Bd3 Nc5 19.Rhe1 Kc7 20.Bf1 Bg7 21.Ne4 
Nb3+ 22.Kb1 Rhe8 23.Ka2 Nd4 24.Nc5 Bf7 25.f3 fxg3 26.hxg3 b6 27.Ne4 Nc2 
0-1